000 00918nmm a2200217 a 4500
005 20241012063900.0
008 011002s2000 mx b spa d
035 _aUPN01000112399
049 _aI
050 4 _aLB1029 G3
_bA2.3
245 0 0 _aAcentos de Paji.
260 _aMéxico :
_bVermic,
_cc2000.
300 _a1 disco óptico de computador :
_bson., col. :
_c4 3/4 plg.
500 _a"Más de 5,000 ejercicios, retroalimentación de los errores cometidos, 3 niveles de dificultad"
538 _aRequisitos del sistema: Computadora Pentium o superior; 16 Mb. de memoria RAM; Windows 9X o superior; 13 Mb. de espacio en disco duro para su instalación; Unidad de CD-ROM; Monitor VGA 256 colores; Tarjeta de sonido; Mouse.
521 _aPara edades de 9 a 15 años
650 4 _aESPAÑOL -
_xACENTOS Y ACENTUACION
_917059
650 4 _aJuegos educativos
_93952
905 _aElectrónico
999 _c86307
_d86307